000 01265nam a2200337 i 4500
001 000039311
003 DO-SdBNP
005 20250311111111.0
007 ta
008 130621s2013 dr 000 0 spa d
020 _a9789945887617
040 _aDO-SdBNP
_bspa
_cBNPHU
_erda
041 _aspa
082 4 _a001.42
_bM671m
_222
100 1 _aMirabal, Yoselman R.
_964297
_d1969-
_4aut.
_eautor
245 1 0 _aMetodología de la investigación científica :
_buna guía didáctatica para elaborar tesis /
_cYoselman Rodwin Mirabal, Lourdes de Jesús Díaz.
264 _aSanto Domingo :
_bProducciones Mirabal,
_c2013.
300 _a232 páginas ;
_c22 cm.
336 _atexto
_btxt
_2rdacontent
337 _asin mediación
_bn
_2rdamedia
338 _avolumen
_bnc
_2rdacarrier
500 _aIncluye datos biográficos de los autores en la solapa de la cubierta
500 _aIncluye bibliografía al final de los capítulos.
500 _aLa biblioteca posee dos ejemplares autografiados
590 _aInventariado, 2023/MFF
650 0 _a Investigación
_xMetodología
_92
650 0 _a Ciencia -
_xMetodología
_93
700 1 _aJesús Díaz, Lourdes de
_d1973-
_eautor
_4aut.
_965502
910 _aValidado. Control de calidad MFF
942 _2ddc
_cLBS1
999 _c38801
_d38801